000
00259 a2200097 4500
020
_a
9788198072207
100
_a
Vishnulal Sudha
245
_a
Adhrishya murivukal(അദൃശ്യമുറിവുകൾ)
260
_b
Mankind Literature
_c
2024
942
_c
OO
999
_c
115379
_d
115378